000 00905nam a2200217 i 4500
001 156143
003 ES-MaACL
005 20251017063107.0
008 020416s1882 sp |||| | spa d
040 _aCAM
_bspa
_cCAM
100 1 _aJackson Cortés, Eduardo,
_d1826-1890
_9128236
245 1 2 _a¡¡Adios mundo amargo!!!
_b: suicidio cómico-lírico en dos actos y cuadros en verso y prosa /
_cletra de Eduardo Jackson Cortés y José Jackson Veyan; música de los Sres. Rubio y Espino.
260 _aMadrid :
_bEnrique Arregui,
_c1882.
300 _a44 p. ;
_c20 cm.
500 1 _aEstrenado en los Jardines del Buen Retiro, en la noche del 19 de julio de 1882.
700 1 _aJackson Veyán, José.
_965824
700 0 _aRubio, Angel.
_9100337
700 1 _aEspino, Casimiro.
_9126964
852 _aES-MaACL
_jF-4677
_z-- Enc. hol.
_z-- Enc. en un vol. facticio
999 _c156143
_d156143